000 00330nam a2200145Ia 4500
008 191201s2005 xx 000 0 und d
082 _a330
_bSAE
100 _aSamullson, Paul A
245 0 _aEconomics
250 _a18th
260 _aN.Delhi
_bTata mc Graw Hill
_c2005
300 _a776
650 _aB.Tech(ME)
942 _2ddc
_cBK
999 _c837
_d837